Yearbook & directory 1986 (Record no. 90485)

MARC details
000 -LEADER
fixed length control field 00585cam a2200217 4500
001 - CONTROL NUMBER
control field B703
008 - FIXED-LENGTH DATA ELEMENTS--GENERAL INFORMATION
fixed length control field 090401t1986 xxu||||| |||| 00| 0 eng d
035 ## - SYSTEM CONTROL NUMBER
System control number (Sirsi) u37483
041 ## - LANGUAGE CODE
Language code of text/sound track or separate title eng
050 ## - LIBRARY OF CONGRESS CALL NUMBER
Classification number 333.0025417
110 ## - MAIN ENTRY--CORPORATE NAME
Corporate name or jurisdiction name as entry element Society of Chartered Surveyors in the Republic of Ireland
9 (RLIN) 1971
245 ## - TITLE STATEMENT
Title Yearbook & directory 1986
260 ## - PUBLICATION, DISTRIBUTION, ETC.
Place of publication, distribution, etc. Dublin
Name of publisher, distributor, etc. Society of Chartered Surveyors in the Re
Date of publication, distribution, etc. 1986
300 ## - PHYSICAL DESCRIPTION
Extent 76p. : ill. ; 30cm.
350 ## - PRICE (NR) (BK AM CF MU VM SE) [OBSOLETE]
Price 0
650 ## - SUBJECT ADDED ENTRY--TOPICAL TERM
Topical term or geographic name entry element ABOUT RICS-RICS MEMBERS
650 ## - SUBJECT ADDED ENTRY--TOPICAL TERM
Topical term or geographic name entry element DIRECTORIES
650 ## - SUBJECT ADDED ENTRY--TOPICAL TERM
Topical term or geographic name entry element EIRE
942 ## - ADDED ENTRY ELEMENTS (KOHA)
Suppress in OPAC 0
948 ## - LOCAL PROCESSING INFORMATION (OCLC); SERIES PART DESIGNATOR (RLIN)
c (OCLC) 04/03/1997
Holdings
Withdrawn status Lost status Source of classification or shelving scheme Damaged status Not for loan Home library Current library Shelving location Date acquired Total Checkouts Full call number Barcode Date last seen Copy number Price effective from Koha item type
    Dewey Decimal Classification     London London Reference copy 15/08/1996   LIBRARY BAY 59 30050193 06/08/2019 1 06/08/2019 Book